Η πραγματικότητα των μέσων μαζικής επικοινωνίας
Αποθηκεύτηκε σε:
| Κύριος συγγραφέας: | |
|---|---|
| Μορφή: | Βιβλίο |
| Γλώσσα: | Greek German |
| Δημοσίευση: |
Αθήνα :
Μεταίχμιο,
2003.
|
| Σειρά: | Πολιτική - Επικοινωνία (Μεταίχμιο)
|
| Θέματα: | |
| Ετικέτες: |
Προσθήκη ετικέτας
Δεν υπάρχουν, Καταχωρήστε ετικέτα πρώτοι!
|
MARC
| LEADER | 00000cam a2200000 i 4500 | ||
|---|---|---|---|
| 001 | 1/79208 | ||
| 008 | 050622s2003 gr | ||| |||| ||gre|| | ||
| 020 | |a 9603755001 | ||
| 035 | |l 10078699 | ||
| 040 | |a GR-MyUa |b gre |e AACR2 | ||
| 041 | 1 | |a gre |h ger | |
| 082 | 7 | |a 302.23 |2 (22) | |
| 100 | 1 | |a Luhmann, Niklas, |d 1927-1998. | |
| 245 | 1 | 2 | |a Η πραγματικότητα των μέσων μαζικής επικοινωνίας / |c Niklas Luhmann ; μετάφραση, εισαγωγή: Πέρσα Ζέρη ; επιστημονική επιμέλεια: Διονύσης Καββαθάς. |
| 260 | |a Αθήνα : |b Μεταίχμιο, |c 2003. | ||
| 300 | |a 222 σ. ; |c 21 εκ. | ||
| 490 | 1 | |a (Πολιτική - Επικοινωνία / Μεταίχμιο) | |
| 500 | |a Τίτλος πρωτοτύπου: Die Realität der Massenmedien. | ||
| 504 | |a Περιλαμβάνει βιβλιογραφικές παραπομπές και ευρετήριο. | ||
| 650 | 0 | |a Mass media |x Social aspects. | |
| 650 | 0 | |a Mass media |x Audiences. | |
| 650 | 0 | |a Communication |x Social aspects. | |
| 830 | 0 | |a Πολιτική - Επικοινωνία (Μεταίχμιο) | |
| 852 | |a INST |b LESVOS |e 20050622 |h 302.23 LUH |p 005100032206 |q 005100032206 |t BK |y 0 | ||
| 852 | |a INST |b LESVOS |e 20220405 |h 302.23 LUH |p 005100063594 |q 005100063594 |t BK |y 0 | ||
| 852 | |a INST |b RHODES |e 20060308 |h 302.23 LUH |p 005400021270 |q 005400021270 |t BK |y 0 | ||
| 852 | |a INST |b SYROS |e 20070822 |h 302.23 LUH |p 005500007220 |q 005500007220 |t BK |y 0 | ||
| 901 | |a BIBL5-2007-2 | ||
| 901 | |a BIBL1-2005-2 | ||
| 901 | |a BIBL4-2006-1 | ||
| 920 | |a ΕΠΕΑΕΚ Κοινωνικής Ανθρωπολογίας και Ιστορίας |y Λέσβος |z 2004-12 | ||
| 922 | |a 5ΕΛΗ |b 200708 |c ΕΠΕΑΕΚ2/ΤΜΣΠΣ |d Σ. Πατάκης | ||
| 970 | |a Καρά |b Γιασεμή |z 22/06/2005 | ||